Statistics for American Pro Sports Teams by Location

Click here to take the quiz!

General Stats

  • This quiz has been taken 1,039 times
    (872 since last reset)
  • The average score is 108 of 123

Answer Stats

Location Sport Team % Correct
BostonNBACeltics
97%
AtlantaNFLFalcons
96%
BuffaloNFLBills
96%
ChicagoNFLBears
96%
BaltimoreNFLRavens
96%
ArizonaNFLCardinals
96%
ChicagoNBABulls
95%
BostonMLBRed Sox
95%
BrooklynNBANets
95%
AnaheimNHLDucks
95%
Green BayNFLPackers
94%
DallasNFLCowboys
94%
CarolinaNFLPanthers
93%
Golden StateNBAWarriors
93%
ChicagoMLBCubs
93%
ClevelandNFLBrowns
93%
CincinnatiNFLBengals
93%
MiamiNFLDolphins
92%
ClevelandNBACavaliers
92%
DetroitNFLLions
92%
JacksonvilleNFLJaguars
92%
Kansas CityNFLChiefs
92%
Los AngelesNBALakers
92%
IndianapolisNFLColts
92%
New EnglandNFLPatriots
92%
DenverNFLBroncos
92%
AtlantaNBAHawks
92%
AtlantaMLBBraves
92%
CharlotteNBAHornets
92%
BostonNHLBruins
92%
ChicagoMLBWhite Sox
92%
ArizonaMLBDiamondbacks
91%
BaltimoreMLBOrioles
91%
HoustonNFLTexans
91%
MiamiNBAHeat
91%
New YorkNFLJets
91%
New YorkNFLGiants
91%
New OrleansNFLSaints
91%
MinnesotaNFLVikings
90%
PhiladelphiaNFLEagles
90%
Los AngelesNBAClippers
90%
New YorkMLBYankees
90%
Los AngelesNFLRams
90%
OaklandNFLRaiders
90%
IndianaNBAPacers
90%
SeattleNFLSeahawks
90%
DetroitNBAPistons
90%
PittsburghNFLSteelers
90%
DallasNBAMavericks
90%
Los AngelesMLBDodgers
89%
San FranciscoNFL49ers
89%
DenverNBANuggets
89%
New YorkNBAKnicks
89%
OrlandoNBAMagic
89%
HoustonNBARockets
89%
EdmontonNHLOilers
89%
CincinnatiMLBReds
89%
PhoenixNBASuns
89%
San AntonioNBASpurs
89%
ChicagoNHLBlackhawks
88%
New YorkMLBMets
88%
ColoradoMLBRockies
88%
TennesseeNFLTitans
88%
HoustonMLBAstros
88%
ClevelandMLBIndians
88%
PhiladelphiaNBA76ers
88%
SacramentoNBAKings
87%
Oklahoma CityNBAThunder
87%
PittsburghNHLPenguins
87%
PittsburghMLBPirates
87%
UtahNBAJazz
87%
PortlandNBATrail Blazers
87%
MemphisNBAGrizzlies
87%
MilwaukeeNBABucks
87%
Los AngelesNFLChargers
87%
MilwaukeeMLBBrewers
87%
Kansas CityMLBRoyals
87%
DetroitNHLRed Wings
87%
CalgaryNHLFlames
87%
WashingtonNFLRedskins
86%
TorontoNBARaptors
86%
Los AngelesMLBAngels
86%
MiamiMLBMarlins
86%
Tampa BayNFLBuccaneers
86%
DallasNHLStars
86%
New OrleansNBAPelicans
86%
New YorkNHLRangers
86%
PhiladelphiaMLBPhillies
85%
TorontoMLBBlue Jays
85%
DetroitMLBTigers
85%
BuffaloNHLSabres
85%
MinnesotaMLBTwins
85%
MinnesotaNBATimberwolves
85%
Los AngelesNHLKings
84%
San DiegoMLBPadres
84%
Las VegasNHLGolden Knights
84%
OaklandMLBAthletics
84%
San FranciscoMLBGiants
84%
ColoradoNHLAvalanche
84%
TexasMLBRangers
83%
New JerseyNHLDevils
83%
SeattleMLBMariners
83%
San JoseNHLSharks
83%
FloridaNHLPanthers
83%
PhiladelphiaNHLFlyers
82%
ArizonaNHLCoyotes
82%
WashingtonMLBNationals
82%
WashingtonNBAWizards
82%
Tampa BayMLBRays
82%
New YorkNHLIslanders
82%
St. LouisNHLBlues
82%
WashingtonNHLCapitals
81%
OttawaNHLSenators
81%
St. LouisMLBCardinals
81%
NashvilleNHLPredators
81%
TorontoNHLMaple Leafs
81%
MontrealNHLCanadiens
81%
ColumbusNHLBlue Jackets
80%
CarolinaNHLHurricanes
80%
MinnesotaNHLWild
80%
WinnipegNHLJets
80%
VancouverNHLCanucks
80%
Tampa BayNHLLightning
78%

Score Distribution

Percentile by Number Answered

Percent of People with Each Score

Your Score History

You have not taken this quiz since the last reset